| 000 | 01383naa a22003617a 4500 | ||
|---|---|---|---|
| 001 | BR8705720 | ||
| 003 | BR-BrBNA | ||
| 005 | 20250721154522.0 | ||
| 007 | ta | ||
| 008 | 250630b bl.|||m| |||| 00| 0 por d | ||
| 040 |
_aBR-BrBNA _bpor _cBiblioteca Nacional de Agricultura |
||
| 041 | _a(Pt) | ||
| 072 |
_aP06 _b/G514 |
||
| 090 | _aP06 BR8705720 | ||
| 100 | 1 | _aNiemezewski, A.C. | |
| 100 | 1 | _aBerny, P.B. | |
| 100 | 1 | _aRaupp, A.A.A. | |
| 100 | 1 | _aPorto, V.H. da F. | |
| 100 | 1 | _aVasconcellos, E.B. | |
| 100 | 1 | _aBergmann, F.W. | |
| 245 | 1 | _aSistema integrado de auto-suprimento energetico da EMBRAPA-UEPAE de Pelotas | |
| 500 | _aEnergia alternativa para propriedade rural: fontes, utilizacao e pespectivas Brasilia, DF (Brasil): EMBRAPA. Depto. de Difusao de Tecnologia, 1986. p. 7-15 [Summaries (En, Pt); 9 ref.] (BR8705720-AMS) | ||
| 773 | 0 |
_tEnergia alternativa para propriedade rural: fontes, utilizacao e pespectivas _wP06 BR8705720 _gBrasilia, DF (Brasil), 1986. p. 7-15 |
|
| 650 | _aRECURSO ENERGETICO | ||
| 650 | _aBIOGAS | ||
| 650 | _aCULTURA ENERGETICA | ||
| 650 | _aSORGO ACUCAREIRO | ||
| 650 | _aBETERRABA ACUCAREIRA | ||
| 650 | _aCANA DE ACUCAR | ||
| 490 |
_aDocumentos - Centro de Pesquisa Agropecuaria de Terras Baixas de Clima Temperado (Brazil) _vno. 23 _xISSN 0101-9708 |
||
| 942 |
_cAMS _2AGRIS |
||
| 909 |
_a202506 _bLúcia _c55 _dLúcia Elande |
||
| 999 |
_c335306 _d335306 |
||